Teams Ashley Cole has played for - Statistics

General Stats
  • This quiz has been taken 26 times
  • The average score is 3 of 6
Answer Stats
Answer % Correct
Arsenal
100%
Chelsea
96%
LA Galaxy
46%
Derby County
42%
Roma
38%
Crystal Palace
17%
No matching quizzes found
Score Distribution
Percent of People with Each Score
Percentile by Number Answered
Your Score History
You have not taken this quiz